|
|
|
|
| LEADER |
01184nta a2200241 i 4500 |
| 001 |
dokt4642 |
| 005 |
20220613153533.0 |
| 008 |
220613s1990 hu om 0|| hun d |
| 040 |
|
|
|a SZTE Doktori Repozitórium
|b hun
|
| 041 |
|
|
|a hun
|
| 100 |
1 |
|
|a Sági László
|
| 245 |
1 |
0 |
|a Citoplazmatikus és kromoszómális szabályozás a búza (Triticum aestivum L.) antérakultúrában
|h [elektronikus dokumentum] :
|b Egyetemi doktori fokozatának PhD fokozattá történő átminősítésére benyújtott tézis /
|c Sági László
|
| 260 |
|
|
|c 1990
|
| 502 |
|
|
|a Disszertacio
|
| 650 |
|
4 |
|a biológiai tudományok
|
| 650 |
|
4 |
|a Természettudományok
|
| 650 |
|
4 |
|a Biológiai tudományok
|
| 695 |
|
|
|a Biológia
|
| 700 |
1 |
|
|a nincs megadva
|e ths
|
| 856 |
4 |
0 |
|u https://doktori.bibl.u-szeged.hu/id/eprint/4642/1/1989_sagi_laszlo_02.pdf
|z Dokumentum-elérés
|
| 856 |
4 |
0 |
|u https://doktori.bibl.u-szeged.hu/id/eprint/4642/2/1989_sagi_laszlo_tezisek.pdf
|z Dokumentum-elérés
|
| 856 |
4 |
0 |
|u https://doktori.bibl.u-szeged.hu/id/eprint/4642/3/1989_sagi_laszlo_publikaciok.pdf
|z Dokumentum-elérés
|
| 856 |
4 |
0 |
|u https://doktori.bibl.u-szeged.hu/id/eprint/4642/4/1989_sagi_laszlo_biralat.pdf
|z Dokumentum-elérés
|